American History for Dummies - Statistics

General Stats
  • This quiz has been taken 136 times
  • The average score is 20 of 30
Answer Stats
Question Answer % Correct
What year did America declare independence? 1776
93%
What president freed the slaves? Abraham Lincoln
91%
Who was the 2nd president? John Adams
86%
What ship brought the Pilgrims to Plymouth? The Mayflower
86%
What war did America join in 1941? WWII
85%
What "war" did america fight against the Soviet Union? The Cold War
84%
What war did America join in 1917? WWI
83%
Who did the British fight in a 7 Years War? France
82%
What place in Hawaii was attacked on December 7th 1941? Pearl Harbor
82%
What infamous prison was open for 30 years in the San Francisco Bay? Alcatraz
79%
What territory did America but from Russia in 1867? Alaska
78%
What state was admitted to the union in 1960? Hawaii
75%
What country did America invade in 2003? Iraq
74%
What anti-semitic car maker founded a car company? Henry Ford
71%
What country did the U.S. invade 2 years earlier? Afghanistan
68%
What city was Al Capone a mob boss in? Chicago
67%
Who founded the National Bank? Alexander Hamilton
62%
What is the name of the alliance that America joined in 1949? NATO
62%
What president sent troops into Vietnam during the Vietnam War? Lyndon Johnson
61%
What country did America acquire The Philippines from? Spain
59%
What president famously said "Speak softly and carry a big stick."? Theodore Roosevelt
58%
Who was the guide for Lewis and Clark? Sacajawea
57%
Who famously lost the 2000 presidential election? Al Gore
54%
What date in 2021 was the capital attacked? January 6th
49%
What president famously said "Yes we can."? Barack Obama
45%
What animal did the above's opponents compare him to? A Jackass (Donkey)
44%
Who founded the Democratic party? Andrew Jackson
43%
Who was shot and killed in April 4th, 1668? Martin Luther King Jr.
43%
What "movement" was the above part of? The Civil Rights Movement
35%
Only Hard Question: Where did James K. Polk go to college? The University of North Carolina at Chapel Hill
8%
No matching quizzes found
Score Distribution
Percent of People with Each Score
Percentile by Number Answered
Your Score History
You have not taken this quiz